№ 24; Товарные знаки, знаки обслуживания, наименование мест происхождения товаров

Bibliografiset tiedot
Parent link:Товарные знаки, знаки обслуживания, наименование мест происхождения товаров: бюллетень/ Федеральный институт промышленной собственности (ФИПС, Роспатент). № 24.— , 2000-2012.— 1683-2078
Kieli:venäjä
Julkaistu: 2007
Aineistotyyppi: MixedMaterials Kirja
KOHA link:https://koha.lib.tpu.ru/cgi-bin/koha/opac-detail.pl?biblionumber=405717

MARC

LEADER 00000nam2a2200000 4500
001 405717
005 20250213122958.0
035 |a (RuTPU)RU\TPU\prd\55705 
090 |a 405717 
100 |a 20080206a20079999k y0rusy50 ca 
101 0 |a rus 
102 |a RU 
200 0 |a № 24 
210 |d 2007 
461 1 |0 (RuTPU)RU\TPU\prd\43202  |x 1683-2078  |t Товарные знаки, знаки обслуживания, наименование мест происхождения товаров  |o бюллетень  |f Федеральный институт промышленной собственности (ФИПС, Роспатент)  |v № 24  |d 2000-2012 
801 0 |a RU  |b 63413507  |c 20010227  |g PSBO 
801 1 |a RU  |b 63413507  |c 20080206  |g PSBO 
801 2 |a RU  |b 63413507  |c 20151007  |g RCR 
942 |c CR